Normal view
MARC view
Entry Personal Name
001 - CONTROL NUMBER
- control field: 24606
003 - CONTROL NUMBER IDENTIFIER
- control field: ARRUPE
005 - DATE AND TIME OF LATEST TRANSACTION
- control field: 20160804093846.0
008 - FIXED-LENGTH DATA ELEMENTS
- fixed length control field: 160804|| aca||aabn | a|a d
040 ## - CATALOGING SOURCE
- Original cataloging agency: ARRUPE
- Transcribing agency: ARRUPE
100 ## - HEADING--PERSONAL NAME
- Personal name: Lyotard, Jean-François,
- Dates associated with a name: 1924-1998.
670 ## - SOURCE DATA FOUND
- Source citation: Work cat.: (ARRUPE)0: Williams, James, 1965- 24605, Lyotard :, 1998.